Centrum chorvátskej kultúry, Jarovce

Salvato in:
Dettagli Bibliografici
Autore principale: Halušková, Milana (Autore)
Altri autori: Šíp, Lukáš (Relatore della tesi)
Natura: Manoscritto Libro
Lingua:slovacco
Pubblicazione: 2025
Soggetti:
Accesso online:http://is.stuba.sk/zp/portal_zp.pl?podrobnosti=168224
Tags: Aggiungi Tag
Nessun Tag, puoi essere il primo ad aggiungerne!!

MARC

LEADER 00000ntm a22000003a 4500
001 stuzp105207
003 SK-STU
005 20250614213713.3
007 ta
008 150427s2015----xo-----f-mn---000-0-slo-d
040 |a STU  |b slo 
041 0 |a slo 
100 1 |a Halušková, Milana  |u 052120  |4 aut  |U FAD Fakulta architektúry a dizajnu  |T FAD Ústav ekologickej a experimentálnej architektúry  |X 115557  |U A2120  |Y 393  |7 115557 
242 0 1 |a Croatian Cultural Center, Jarovce  |y eng 
245 1 0 |a Centrum chorvátskej kultúry, Jarovce 
260 |c 2025 
650 4 |a community  |2 eng 
650 4 |a Croatian minority  |2 eng 
650 4 |a cultural center  |2 eng 
650 4 |a Jarovce  |2 eng 
650 4 |a komunita  |2 slo 
650 4 |a kultúrne centrum  |2 slo 
650 4 |a chorvátska menšina  |2 slo 
650 4 |a Jarovce  |2 slo 
700 1 |a Šíp, Lukáš  |u 052120  |k Z1  |4 ths  |U FAD Fakulta architektúry a dizajnu  |T FAD Ústav ekologickej a experimentálnej architektúry  |X 29145  |U A2120  |Y 393  |7 A000029145 
856 4 |u http://is.stuba.sk/zp/portal_zp.pl?podrobnosti=168224